| 000 | 00887cam a22001815a 4500 | ||
|---|---|---|---|
| 001 | L156235 | ||
| 008 | 120509s1828 xxk f 000 0 eng d | ||
| 035 | _a(Sirsi) u156235 | ||
| 041 | 0 | _aeng | |
| 100 | 1 |
_aSoane, John _cSir _d1753-1837 |
|
| 245 | 0 | 2 |
_aA brief statement of the proceedings respecting the new Law Courts at Westminster, the Board of Trade, and the new Privy Council Office, etc. etc. _bsubmitted to the consideration of the members of both Houses of Parliament; the Lords Commissioners of His Majesty's Treasury; and others interested in the taste, utility, and scientific construction, of national and private works |
| 260 |
_aLondon _bPrinted by J. Moyes _c1828 |
||
| 300 |
_aiv, 30 p., [25] leaves of plates _bill., plans _c50 cm. |
||
| 583 | 0 |
_aCondition reviewed _c20120620 _lcondition level 2 |
|
| 651 | 4 | _aLondon | |
| 690 | _aDesign and specification | ||
| 942 | _n0 | ||
| 999 |
_c114120 _d114120 |
||